000 00691nam a2200217 a 4500
005 20140310183511.0
008 101012s19uu xx 00 eng d
020 _a9780230616394
050 _aRJ 506.A9
_b.B835 2010
100 _aBuckley, Julie A.
245 _aHealing our autistic children:
_ba medical plan for restoring your child's health. /
260 _aNew York :
_bPalgraveMacmillan,
_c2010.
300 _a238 p. :
_bill. ;
_c22 cm.
521 _aNUR
650 _aAutism in children-diet therapy.
650 _aAutism in children-Alternative treatment.
700 _awith Lynn vannucci
700 _aforword by Jenny McCarthy
942 _cBK
_2lcc
_kFOR
999 _c24187
_d24187